|
|
|
|
| LEADER |
01635nam a22003973i 4500 |
| 001 |
EBC7157829 |
| 003 |
MiAaPQ |
| 005 |
20231204023228.0 |
| 006 |
m o d | |
| 007 |
cr cnu|||||||| |
| 008 |
231204s2022 xx o ||||0 eng d |
| 020 |
|
|
|a 9783031115783
|q (electronic bk.)
|
| 020 |
|
|
|z 9783031115776
|
| 035 |
|
|
|a (MiAaPQ)EBC7157829
|
| 035 |
|
|
|a (Au-PeEL)EBL7157829
|
| 035 |
|
|
|a (OCoLC)1356728032
|
| 040 |
|
|
|a MiAaPQ
|b eng
|e rda
|e pn
|c MiAaPQ
|d MiAaPQ
|
| 050 |
|
4 |
|a HD62.5
|
| 100 |
1 |
|
|a Halberstadt, Jantje.
|
| 245 |
1 |
0 |
|a Transforming Entrepreneurship Education :
|b Interdisciplinary Insights on Innovative Methods and Formats.
|
| 250 |
|
|
|a 1st ed.
|
| 264 |
|
1 |
|a Cham :
|b Springer International Publishing AG,
|c 2022.
|
| 264 |
|
4 |
|c Ã2023.
|
| 300 |
|
|
|a 1 online resource (226 pages)
|
| 336 |
|
|
|a text
|b txt
|2 rdacontent
|
| 337 |
|
|
|a computer
|b c
|2 rdamedia
|
| 338 |
|
|
|a online resource
|b cr
|2 rdacarrier
|
| 588 |
|
|
|a Description based on publisher supplied metadata and other sources.
|
| 590 |
|
|
|a Electronic reproduction. Ann Arbor, Michigan : ProQuest Ebook Central, 2023. Available via World Wide Web. Access may be limited to ProQuest Ebook Central affiliated libraries.
|
| 655 |
|
4 |
|a Electronic books.
|
| 700 |
1 |
|
|a Alcorta de Bronstein, Antonieta.
|
| 700 |
1 |
|
|a Greyling, Jean.
|
| 700 |
1 |
|
|a Bissett, Shaun.
|
| 776 |
0 |
8 |
|i Print version:
|a Halberstadt, Jantje
|t Transforming Entrepreneurship Education
|d Cham : Springer International Publishing AG,c2022
|z 9783031115776
|
| 797 |
2 |
|
|a ProQuest (Firm)
|
| 856 |
4 |
0 |
|u https://ebookcentral.proquest.com/lib/matrademy/detail.action?docID=7157829
|z Click to View
|